Selected Business Intelligence Methods for Decision-Making Support in a Finance Institution

Implementácia metód podpory rozhodovania v stredne veľkej finančnej spoločnosti s medzinárodnými operáciami. Cieľom tohto článku je ukázať možnosti týchto metód k vytváraniu precízneho rozhodovania manažmentu.

Saved in:
Bibliographic Details
Main Author: Mezera, Filip
Other Authors: Křupka, Jiří
Format: Book Chapter
Language:English
Subjects:
Tags: Add Tag
No Tags, Be the first to tag this record!

MARC

LEADER 00000nla a2200000 4500
001 0242977
005 20240417075138.5
041 0 |a eng 
044 |a CZ 
245 1 0 |a Selected Business Intelligence Methods for Decision-Making Support in a Finance Institution  |c Filip Mezera, Jiří Křupka 
520 |a Implementácia metód podpory rozhodovania v stredne veľkej finančnej spoločnosti s medzinárodnými operáciami. Cieľom tohto článku je ukázať možnosti týchto metód k vytváraniu precízneho rozhodovania manažmentu. 
610 2 0 |a business intelligence 
610 2 0 |a rozhodovanie 
610 2 0 |a rozhodovanie manažérske 
610 2 0 |a inštitúcie finančné 
610 2 0 |a technológie informačné 
610 2 0 |a technológie komunikačné 
610 2 0 |a výkazy finančné 
100 1 |a Mezera, Filip 
700 1 |a Křupka, Jiří